00696nam a22001817a 4500999001900000005001700019010001300036020002600049035001300075037002600088100001900114245005300133260003900186270010500225300002100330942002200351952014100373 c189561d18956120220808115411.0 aB-745268 a9789389843637c195.00 aB-745268 bPharso Books (P) Ltd. aOrwell, George aDown and Out in Paris and London/cGeorge Orwell aDelhibPharso Books (P) Ltd.c2020 aPlot No- 55 ,Main Mother Diary Road Pandav Nagar bDelhie110092k011-40395855msales@pharsobooks.in a175p.c22cm(pbk) 2ddccENmORWh921 001040708NFICaMPbMPd2022-08-08e8.8.2022 /Giftg195.00l0o921 ORWpB-745268r2022-08-08 00:00:00t1v195.00w2022-08-08yENzGift